[Event "Sampa Chess Open 2024"]
[Site "Sao Paulo"]
[Date "2024.01.29"]
[Round "1.5"]
[White "Flores Quillas, Diego Saul Rodri"]
[Black "Simeao, Miguel Roberto Rani"]
[Result "1-0"]
[WhiteElo "2429"]
[BlackElo "1962"]
[PlyCount "45"]
[EventDate "2024.01.29"]
[EventRounds "9"]
[EventCountry "BRA"]

1. e4 c6 2. d4 d5 3. Nc3 dxe4 4. Nxe4 Nf6 5. Nxf6+ exf6 6. c3 Bd6 7. Bd3 O-O 8.
Qc2 g6 9. Ne2 Re8 10. h4 Nd7 11. h5 Nf8 12. Bh6 f5 ({RR} 12... Be6 13. O-O-O
Qc7 14. c4 f5 15. Kb1 Rad8 16. Qc3 c5 17. d5 Be5 18. Qc1 Bc8 19. Bf4 Bxf4 20.
Nxf4 g5 21. Ne2 h6 22. f4 Nh7 23. Rdf1 b5 24. fxg5 Nxg5 25. cxb5 Rxd5 26. Bc4
Rde5 27. Nf4 {Savchenko,B (2562)-Jobava,B (2629) chess.com INT 2019 1-0 (40)})
({RR} 12... Be6 13. O-O-O f5 14. Rh3 Qf6 15. hxg6 fxg6 16. Rdh1 Qf7 17. b3 a5
18. Nf4 b5 19. Kb1 a4 20. b4 Bc4 21. Bxc4 Qxc4 22. Qd3 {1/2-1/2 (22) Ciesla,A 
(2273)-Nowak,M (2262) Dzwirzyno POL 2019}) 13. O-O-O Qf6 14. hxg6 fxg6 $146 ({
RR} 14... hxg6 15. Qd2 Be6 16. Bg5 Qg7 17. Bh6 Qf6 18. Bg5 Qg7 19. Ng3 Bxa2 20.
Rh4 Ne6 21. Bh6 Qf6 22. Rdh1 Bd5 23. f4 c5 24. c4 Nxd4 25. Bg5 Qg7 26. Rh8+
Qxh8 27. Rxh8+ Kxh8 28. Bf6+ Kg8 29. Bxd4 {Tisdall,J (2410)-Chandler,M (2455)
Brighton 1981 1/2-1/2 (42)}) 15. Kb1 b5 16. f3 Be6 17. Nf4 Bf7 18. Nh3 Ne6 19.
g4 f4 20. Nf2 Ng5 21. Bxg5 Qxg5 22. Ne4 Qd8 23. Rh2 1-0

[Event "Sampa Chess Open 2024"]
[Site "Sao Paulo"]
[Date "2024.01.29"]
[Round "1.7"]
[White "Perez Gormaz, Matias"]
[Black "Pironti, Francisco Ferrari"]
[Result "1-0"]
[WhiteElo "2388"]
[BlackElo "1953"]
[PlyCount "31"]
[EventDate "2024.01.29"]
[EventRounds "9"]
[EventCountry "BRA"]

1. e4 {Ftacnik,L} c5 2. Nf3 d6 3. d4 cxd4 4. Nxd4 Nf6 5. Nc3 a6 6. Be3 e5 7.
Nf3 Be7 8. Bc4 Be6 9. Bb3 O-O 10. O-O h6 ({RR} 10... Nc6 11. Bg5 Nd7 ({RR} 
11... Na5 12. Bxf6 ({RR} 12. Qd3 Rc8 13. Rfd1 Nxb3 14. axb3 Rc6 15. Bxf6 Bxf6
16. Nd5 Bxd5 17. Qxd5 Rxc2) 12... Bxf6 13. Nd5 Nxb3 ({RR} 13... Bg5 14. Qd3 Rc8
15. Rfd1 Kh8 16. Nc3 Be7 17. Nd5 Bg5 18. Kh1 Bh6 19. Nc3 Nxb3 20. axb3 Qb6 21.
Kg1 Rc6 22. Qe2) 14. axb3 Bg5 15. Qd3 Bh6 16. Rad1 Rc8 17. Nd2 b5 18. c3 Kh8
19. b4 Ra8 20. Nb3 f5 21. Na5 Rc8 22. Qh3 Rf7 23. Rfe1) 12. Bxe7 Qxe7 13. Nd5 (
{RR} 13. Qd2 Nc5 14. Rad1 Rad8 15. Qe3 Nxb3 16. axb3 f5 17. Nd5 Qd7 18. Ng5 Nd4
19. Nxe6 Qxe6 20. c3) 13... Qd8 14. c3 Na5 ({RR} 14... Nc5 15. Bc2 a5 16. Qd2
Ne7 17. Ne3 a4 18. Rfd1 f6 19. Qxd6 Qxd6 20. Rxd6 Rfd8 21. Rxd8+ Rxd8 22. Kf1
Rd6 23. Ke1 Rb6) 15. Re1 ({RR} 15. Bc2 Nc4 ({RR} 15... Rc8) 16. b3 Ncb6 17. Ne3
) 15... Rc8 16. h3 Nb6 ({RR} 16... Nxb3 17. axb3 f5) 17. Nxb6 Qxb6 18. Bxe6
fxe6 19. Re2 Rc6 ({RR} 19... Qc6 20. Qd3 b5) 20. Qd3 Qc7 21. Rd1 Nc4 ({RR} 
21... Rf6 22. Nd2 b5) 22. b3 Nb6 23. c4 Nc8 ({RR} 23... Nd7 24. b4 Nb6 25. Ng5
Re8 26. b5 Rc5 27. Qxd6 Qxd6 28. Rxd6 Nxc4 29. Rc2 axb5) 24. Red2 h6 25. Qe2 {
Anand,V (2792)-Leko,P (2740) Wijk aan Zee 2006 CBM 111 [Ftacnik,L] 1-0 (49)})
11. Nh4 Qc8 $146 ({RR} 11... Ng4 12. Nf5 Nxe3 13. fxe3 Bxf5 14. Rxf5 Nc6 15.
Qh5 Qe8 16. Raf1 Nd8 17. Nd5 Rc8 18. Qg4 Rc6 19. Rf6 Kh7 20. R1f3 Bxf6 21.
Nxf6+ {1-0 (21) Gundavaa,B (2237)-Mak,T Doha 2006}) ({RR} 11... Nxe4 12. Nxe4
Bxh4 13. Nxd6 Bxb3 14. axb3 Qd7 15. Nc4 Qxd1 16. Rfxd1 Nc6 17. Rd7 b5 18. Nb6
Rad8 19. Rc7 Nd4 20. g3 Bf6 21. Nd7 Ne6 22. Ra7 Rfe8 23. Nxf6+ gxf6 24. R1xa6
Rd1+ 25. Kg2 f5 26. Bxh6 {Kovanova,B (2342)-Priyanka,K (2202) chess.com INT
2022 1-0 (49)}) ({RR} 11... Bxb3 12. axb3 Nxe4 13. Nxe4 Bxh4 14. Nxd6 Qc7 15.
Nf5 Bg5 16. Bxg5 hxg5 17. Qd2 f6 18. Qd5+ Kh7 19. Rfd1 g6 20. Ne3 Kg7 21. Qe6
Qf7 22. Qg4 Rh8 23. Rd6 a5 24. Rad1 Re8 25. Nd5 Ra6 26. Nxf6 {Paramzina,A 
(2229)-Guseva,M (2408) St Petersburg RUS 2018 1-0 (32)}) ({RR} 11... Kh7 12.
Qf3 Qd7 13. h3 Nc6 14. Nf5 Na5 15. Nxe7 Nxb3 16. axb3 Qxe7 17. Rfd1 Rfc8 18.
Rd2 b5 19. Rad1 Rc6 20. Nd5 Bxd5 21. exd5 Rc7 22. b4 Rc4 23. c3 a5 24. bxa5
Rxa5 25. Qf5+ g6 26. Qc2 {Hirneise,J (2275)-Zuferi,E (2076) Gruenbach 2014 1-0
(48)}) 12. Bxe6 Qxe6 13. Nf5 Rd8 14. Qf3 Rf8 15. Rad1 Nc6 16. Nd5 1-0

[Event "Sampa Chess Open 2024"]
[Site "Sao Paulo"]
[Date "2024.01.29"]
[Round "1.8"]
[White "Carvalho Jr, Celestino"]
[Black "Perdomo, Leandro"]
[Result "0-1"]
[WhiteElo "1939"]
[BlackElo "2382"]
[PlyCount "56"]
[EventDate "2024.01.29"]
[EventRounds "9"]
[EventCountry "BRA"]

1. Nf3 Nf6 2. d3 g6 3. g3 Bg7 4. Bg2 d5 5. Nbd2 Nc6 6. O-O O-O 7. Re1 ({RR} 7.
e4) 7... d4 8. Nf1 $146 ({RR} 8. e4 dxe3 9. fxe3 Ng4 10. Nf1 e5 11. h3 e4 12.
dxe4 Nge5 13. Nxe5 Nxe5 14. Qxd8 Rxd8 15. Rb1 a5 16. a4 b5 17. axb5 a4 18. Ra1
Bd7 19. b3 Nf3+ 20. Bxf3 Bxa1 21. e5 Bc3 22. Bxa8 Bxe1 {Divya,D (2305)
-Rakhmanov,A (2653) chess.com INT 2021 0-1}) 8... Nd5 9. Bg5 f6 10. Bd2 f5 11.
Qc1 e5 12. c4 Nf6 13. h4 e4 14. Ng5 h6 15. Nh3 Kh7 16. b4 Re8 17. Qc2 e3 18.
fxe3 dxe3 19. Bc3 Nh5 20. Bxg7 Kxg7 21. Qc3+ Nd4 22. Bf3 Qf6 23. Rac1 f4 24. g4
Qe5 25. Kg2 Nf6 26. Nh2 a5 27. b5 g5 28. hxg5 hxg5 0-1

[Event "Sampa Chess Open 2024"]
[Site "Sao Paulo"]
[Date "2024.01.29"]
[Round "1.9"]
[White "Ticona Rocabado, Licael Roderick"]
[Black "Ikejiri, Daniel Yoshito"]
[Result "1-0"]
[WhiteElo "2350"]
[BlackElo "1916"]
[PlyCount "111"]
[EventDate "2024.01.29"]
[EventRounds "9"]
[EventCountry "BRA"]

1. d4 d5 2. c4 e6 3. e3 Nf6 4. Nf3 c6 5. Nbd2 Nbd7 6. Bd3 dxc4 7. Nxc4 b5 8.
Nce5 Bb7 9. a4 ({RR} 9. O-O Nxe5 10. Nxe5 a6 11. a4 Be7 12. b3 O-O 13. Bb2 bxa4
14. Rxa4 c5 15. dxc5 Bxc5 16. Ng4 Be7 17. Nxf6+ Bxf6 18. Bxh7+ Kxh7 19. Qh5+
Kg8 20. Bxf6 Qxf6 21. Rh4 Qh6 22. Qg4 Qg6 23. Qh3 f5 {Tregubov,P (2625)
-Korobov,A (2713) Warsaw 2013 0-1}) 9... a6 10. O-O Rc8 $146 ({RR} 10... Bd6
11. Bd2 Qb8 12. Nxd7 Nxd7 13. Qc2 h6 14. e4 O-O 15. e5 Be7 16. Qc1 c5 17. Bxh6
cxd4 18. Bg5 Bxg5 19. Nxg5 Nxe5 20. Bh7+ Kh8 21. Qd1 g6 22. Qxd4 f6 23. Rfe1
Bd5 24. Ra3 Kg7 25. Rh3 {Straka,J (2348)-Matras,O (2260) Czechia 2012 1-0 (35)}
) ({RR} 10... Be7 11. Bd2 O-O 12. b4 bxa4 13. Qxa4 c5 14. bxc5 Bxf3 {1/2-1/2 
(14) Dvirnyy,D (2550)-Mohamed Ahmed,A (2656) http://www.chessbomb.com 2021}) ({
RR} 10... Be7 11. Qe2 Nb6 12. Ng5 O-O 13. Qc2 h6 14. Bh7+ {1-0 (14) Kieninger,
G-Siegel,P Bensberg 1947}) ({RR} 10... Be7 11. Nxf7 Kxf7 12. Ng5+ Kg8 13. Nxe6
Qc8 14. Qb3 c5 15. axb5 Bd5 16. Bc4 Bxc4 17. Qxc4 Nb6 18. Qc2 Qxe6 19. dxc5
axb5 20. Rxa8+ Nxa8 21. Bd2 Kf7 22. b4 Nc7 23. f3 Ra8 24. e4 Ra2 25. Qd1 {
Sekulic,D (2306)-Dumpor,A (2359) Andrijevica 2012 0-1 (36)}) 11. Bd2 Bd6 12.
Nxd7 Nxd7 13. e4 e5 14. Bg5 Qb6 15. Be3 Qd8 16. d5 Qe7 17. dxc6 Bxc6 18. axb5
axb5 19. Qe2 b4 20. Bb5 O-O 21. Bxc6 Rxc6 22. Qb5 Rc7 23. Bg5 f6 24. Be3 Bc5
25. Rac1 Rb8 26. Qa5 Bb6 27. Qd5+ Qf7 28. Qd6 Rcb7 29. Bd2 Bd8 30. Qd3 Be7 31.
Be3 Nf8 32. Qa6 Qe6 33. Rc6 Qd7 34. Rfc1 g6 35. Bb6 Bd8 36. Be3 Kg7 37. g3 Rc7
38. Rxc7 Bxc7 39. Qa7 Rc8 40. Qb7 Ne6 41. Qxb4 Bd6 42. Qd2 Rxc1+ 43. Qxc1 Qb5
44. Qc8 Kf7 45. Qc2 Qb4 46. Nd2 Ke7 47. b3 Qb5 48. Qc8 Nc5 49. Qg8 g5 50. Qxh7+
Ke8 51. Qg8+ Kd7 52. Qd5 Qb4 53. Nc4 Ne6 54. Nxd6 Qxd6 55. Qxd6+ Kxd6 56. h4
1-0

[Event "Sampa Chess Open 2024"]
[Site "Sao Paulo"]
[Date "2024.01.29"]
[Round "1.10"]
[White "Gazineu Neto, Rubens"]
[Black "Santos, Marcus Vinicius Mor"]
[Result "1/2-1/2"]
[WhiteElo "1912"]
[BlackElo "2331"]
[PlyCount "90"]
[EventDate "2024.01.29"]
[EventRounds "9"]
[EventCountry "BRA"]

1. e4 c5 2. Nf3 g6 3. d4 cxd4 4. Nxd4 Nc6 5. Nc3 Bg7 6. Be3 Nf6 7. Bc4 O-O 8.
Bb3 a5 9. a4 Ng4 10. Qxg4 Nxd4 11. Qd1 Nxb3 12. cxb3 d6 13. Bd4 Be6 14. Bxg7
Kxg7 15. O-O Qb6 16. Nd5 $146 ({RR} 16. Nb5 Rac8 17. Qd4+ Qxd4 18. Nxd4 Bd7 19.
Rfc1 Rc5 20. Rc3 b6 21. Rac1 Rd8 22. Kf1 f6 23. Ke1 Kf7 24. f3 h5 25. Kf2 g5
26. Ke3 h4 27. h3 Rb8 28. Ne2 Ke8 29. Nd4 Kd8 30. R1c2 Rb7 {Langers,A-Roemhild,
M (2170) Germany 2006 0-1 (75)}) 16... Bxd5 17. Qxd5 Rfc8 18. Rac1 Rc6 19. Rc3
Rxc3 20. bxc3 Rc8 21. Rc1 Rc5 22. Qd1 Qc6 23. f3 b5 24. axb5 Rxb5 25. Kh1 Qb6
26. Rb1 Qe3 27. Qc2 d5 28. exd5 Rxd5 29. Rd1 Rxd1+ 30. Qxd1 Qxc3 31. h3 e5 32.
Qd5 Qc1+ 33. Kh2 Qc7 34. Kh1 f5 35. Qe6 Qc5 36. Qd7+ Kh6 37. Qd2+ f4 38. Qd3
Qd4 39. Qc2 Kg5 40. Kh2 Qe3 41. Qc7 Qe1 42. Qxh7 Qg3+ 43. Kg1 Qe1+ 44. Kh2 Qg3+
45. Kg1 Qe1+ 1/2-1/2

[Event "Sampa Chess Open 2024"]
[Site "Sao Paulo"]
[Date "2024.01.29"]
[Round "1.13"]
[White "Oliveira, Silvio Eduardo"]
[Black "Cruz, Natan Gomes"]
[Result "0-1"]
[WhiteElo "2297"]
[BlackElo "1888"]
[PlyCount "58"]
[EventDate "2024.01.29"]
[EventRounds "9"]
[EventCountry "BRA"]

1. e4 c6 2. d4 d5 3. exd5 cxd5 4. Bd3 Nc6 5. c3 Qc7 6. h3 e6 7. Nf3 Bd6 8. O-O
Nge7 9. Re1 ({RR} 9. Na3 Bxa3 10. bxa3 Bd7 11. Re1 h6 12. a4 Na5 13. Ne5 Nac6
14. Bf4 Qa5 15. Nxd7 Kxd7 16. Qb3 Rhc8 17. Qxb7+ Ke8 18. Qb3 Kf8 19. Rab1 Kg8
20. Rec1 Qd8 21. Ba6 Na5 22. Qb4 Rc6 23. Bb5 Rcc8 {Efimenko,Z (2648)-Wojtaszek,
R (2724) Lublin 2014 1/2-1/2 (52)}) 9... Bd7 10. Na3 ({RR} 10. a4 f6 11. Na3 a6
12. b4 e5 13. b5 Nd8 ({RR} 13... Na5 14. dxe5 fxe5 15. Nxe5 O-O 16. b6 Qc8 17.
Qh5 Bf5 18. Bg5 Ng6 19. Nxg6 hxg6 20. Qe2 Qxc3 21. Bxf5 Rxf5 22. Qe6+ Kh7 23.
Qxd6 Rxg5 24. Rac1 Qxh3 25. Qh2 Qxh2+ 26. Kxh2 Rf8 27. f3 Rf4 28. Re7) 14. dxe5
fxe5 15. Nxe5 Bxe5 16. Qh5+ Nf7 17. Bg5 g6 18. Qh4 Nxg5 19. Qxg5 Bf5 20. Bxf5
gxf5 21. Qh5+ Kd7 22. Qe2 Bd6 23. Qe6+ Kd8 24. c4 d4 {Boabaid,J (1771)
-Casalaspro,M (2121) Florianopolis 2024 0-1 (40)}) 10... a6 11. Qe2 $146 ({RR} 
11. Nc2 f6 12. c4 g5 13. cxd5 exd5 14. Nxg5 fxg5 15. Qh5+ Kd8 16. Bxg5 Kc8 17.
b4 Kb8 18. a4 Nc8 19. Rac1 Nb6 20. b5 axb5 21. axb5 Na5 22. Ne3 Nac4 23. Nxd5
Nxd5 24. Bxc4 Nf4 25. Qh6 Ng6 {Plat,V (2524)-Megalios,K (2292) Kavala GRE 2018
1-0}) ({RR} 11. Nc2 f6 12. Ne3 O-O 13. Bf1 Kh8 14. c4 dxc4 15. Nxc4 Rad8 16.
Bd2 Nf5 17. Rc1 Bf4 18. Bd3 Bxd2 19. Qxd2 Nfxd4 20. Nxd4 Nxd4 21. Bxh7 Bc6 22.
Bd3 Qd7 23. Rcd1 Qd5 24. f3 Qh5 25. Qf2 Bxf3 {Loutragotis,P (1891)-Nikolaidis,
I (2561) Athens 2017 0-1 (41)}) 11... f6 12. c4 O-O 13. c5 Bf4 14. Nc2 Bxc1 15.
Raxc1 Rae8 16. Qd2 e5 17. Bf1 e4 18. Nh2 f5 19. f4 g5 20. fxg5 f4 21. Rcd1 Rf5
22. Ng4 Kg7 23. Nf6 Rf8 24. h4 Ng6 25. Qf2 Be6 26. Be2 Kh8 27. Rf1 h6 28. Bh5
R8xf6 29. gxf6 Rxh5 0-1

[Event "Sampa Chess Open 2024"]
[Site "Sao Paulo"]
[Date "2024.01.29"]
[Round "1.14"]
[White "Correa, Joao Pedro Vieira"]
[Black "Dos Santos Dutra, Fernando Junior Fre"]
[Result "0-1"]
[WhiteElo "1864"]
[BlackElo "2262"]
[PlyCount "78"]
[EventDate "2024.01.29"]
[EventRounds "9"]
[EventCountry "BRA"]

1. e4 c5 2. Nf3 d6 3. Bb5+ Nc6 4. Bxc6+ bxc6 5. O-O e5 6. h3 f5 ({RR} 6... Nf6
7. Qe2 Be7 8. c3 a5 9. Rd1 Ba6 10. d3 O-O 11. Na3 Nd7 12. Nc4 Re8 13. b3 Bf8
14. Bg5 f6 15. Bc1 d5 16. Ncd2 a4 17. c4 Qa5 18. Rb1 Rab8 19. exd5 cxd5 20.
cxd5 axb3 21. axb3 {Pridorozhni,A (2493)-Riazantsev,A (2572)
chessassistantclub.com INT 2004 1-0 (42)}) 7. d3 ({RR} 7. exf5 Bxf5 8. d3 Be7
9. Na3 Nf6 10. Nc4 O-O 11. Bd2 Nd5 12. Na5 Qe8 13. Kh2 Bd7 14. Qe2 Qf7 15. Qe4
Rac8 16. Ng5 Qh5 17. g4 Qh4 18. Nf3 Qf6 19. Ng5 g6 20. Kg3 Nf4 21. h4 d5 {
Oliveira,M (1549)-Richard,E (2070) Famalicao 2017 0-1}) 7... Nf6 8. Re1 fxe4
$146 ({RR} 8... Be7 9. c3 fxe4 10. dxe4 O-O 11. Qb3+ Kh8 12. Na3 Nh5 13. Be3
Nf4 14. Bxf4 Rxf4 15. Re3 Qe8 16. Nc4 Be6 17. Qa4 Qg6 18. Kh2 Raf8 19. Ncd2 d5
20. Nxe5 Qh5 21. Nd3 Rh4 22. Qxc6 Bg5 23. Qxe6 {Shemenko,G (1746)-Chuprova,I 
(1972) St Petersburg 2012 1-0 (37)}) ({RR} 8... Be7 9. Nbd2 O-O 10. c3 h6 11.
d4 cxd4 12. cxd4 Nxe4 13. dxe5 d5 14. Qc2 Qb6 15. Nb3 c5 16. Rd1 Be6 17. Bd2
Qa6 18. Ba5 Rfc8 19. Be1 d4 20. Nbd2 Bd5 21. Rdc1 d3 22. Qd1 c4 23. Nd4 {
Cap,A (2038)-Juptner,J (2338) Janske Lazne 2013 0-1 (47)}) ({RR} 8... Be7 9.
Nbd2 O-O 10. exf5 Bxf5 11. Ne4 Nxe4 12. dxe4 Be6 13. Be3 h6 14. Qe2 Qe8 15. Bd2
Qg6 16. Kh1 Rf7 17. Ng1 Raf8 18. f3 Bh4 19. Red1 Bg3 20. Be1 d5 21. Bxg3 Qxg3
22. a4 d4 23. b3 {Karatas,K (1741)-Sideris,N (2017) Katerini 2014 0-1 (48)}) 9.
dxe4 Be7 10. Bg5 h6 11. Bxf6 Bxf6 12. Qd3 g5 13. Rd1 Be7 14. Nxe5 dxe5 15. Qf3
Qc7 16. Qh5+ Kf8 17. Qg6 Rg8 18. Qxh6+ Kf7 19. Rd3 g4 20. Qh5+ Kg7 21. Rg3 Rh8
22. Rxg4+ Bxg4 23. Qxg4+ Kf7 24. Na3 Bf6 25. Nc4 Qe7 26. b3 Qe6 27. Qf3 Rad8
28. Qe3 Be7 29. Qf3+ Ke8 30. Qg3 Rd4 31. Re1 Rh4 32. f3 Rh5 33. Qg7 Qf7 34. Qg4
Rd8 35. g3 Rg5 36. Qh4 Rg8 37. Qh6 Rxg3+ 38. Kh2 Qf4 39. Qh8+ Rg8+ 0-1

[Event "Sampa Chess Open 2024"]
[Site "Sao Paulo"]
[Date "2024.01.29"]
[Round "1.15"]
[White "Melian, Juan Sebastian"]
[Black "De Paula, Luan Araujo"]
[Result "1/2-1/2"]
[WhiteElo "2238"]
[BlackElo "1863"]
[PlyCount "60"]
[EventDate "2024.01.29"]
[EventRounds "9"]
[EventCountry "BRA"]

1. d4 d5 2. c4 c6 3. cxd5 cxd5 4. Bg5 Qb6 ({RR} 4... Nf6 5. Bxf6 gxf6 6. Nc3 e6
7. e3 Nd7 8. Bd3 f5 9. h3 h5 10. h4 Nf6 11. Nge2 Bd6 12. Qb3 a6 13. Rc1 b5 14.
a4 b4 15. Nb1 Bd7 16. Qd1 Qa5 17. b3 Ne4 18. Kf1 Ke7 19. f3 {Mamedyarov,S 
(2808)-Aronian,L (2764) Paris FRA 2018 0-1 (32)}) 5. Nc3 Qxb2 $146 ({RR} 5...
e6 6. Qd2 Nc6 7. e3 h6 8. Bh4 Bd7 9. Nf3 Nf6 10. Bxf6 gxf6 11. Bd3 f5 12. h3 h5
13. h4 Bd6 14. g3 Ne7 15. Rc1 Ng8 16. Ne5 Nf6 17. f3 Rg8 18. Kf2 a6 19. Ne2 Ke7
20. Nf4 {Nabaty,T (2586)-Cerveny,M (2357) Pardubice 2013 1-0 (64)}) ({RR} 5...
Nc6 6. Qd2 f6 7. Bf4 Qxd4 8. Nxd5 e5 9. Nf3 Qxd2+ 10. Bxd2 Bd6 11. e4 Nge7 12.
Bc4 Bg4 13. Bc3 O-O-O 14. Rc1 Kb8 15. a3 Nxd5 16. Bxd5 Ne7 17. Bb3 Bxf3 18.
gxf3 g5 19. Ke2 Bc7 20. Bd2 {Suder,J (2349)-Stanisz,P (2158) Krakow POL 2022 1/
2-1/2}) ({RR} 5... e6 6. Qd2 Nc6 7. e3 Be7 8. Bxe7 Ngxe7 9. Bd3 Bd7 10. a3 Na5
11. Qc2 Qb3 12. Nf3 Qxc2 13. Bxc2 Rc8 14. Nd2 Rc7 15. Bd3 Nc8 16. b4 Rxc3 17.
Ke2 Nb3 18. Nxb3 Rxb3 19. Kd2 Rb2+ 20. Kc3 {Janzelj,L (2158)-Chiburdanidze,M 
(2500) Monaco MNC 2019 0-1}) ({RR} 5... e6 6. Qd2 Nc6 7. e3 Bd7 8. Nf3 Nf6 9.
Bxf6 gxf6 10. a3 Na5 11. Rb1 Nb3 12. Qd1 a6 13. Nd2 Nxd2 14. Qxd2 a5 15. Bd3
Rc8 16. O-O Bh6 17. Qe2 Qd6 18. Qh5 Bg7 19. e4 dxe4 20. Nxe4 {Aagaard,G (2042)
-Hernandez,A (1950) Lubbock USA 2018 1-0 (31)}) 6. Nxd5 Na6 7. Rb1 Qxa2 8. e4
e6 9. Bb5+ Bd7 10. Ra1 Bxb5 11. Rxa2 exd5 12. f3 Nb4 13. Rd2 dxe4 14. fxe4 Nf6
15. Qf3 Rc8 16. Ne2 Nc2+ 17. Kf2 Bb4 18. Rc1 Bxd2 19. Bxd2 O-O 20. e5 Bxe2 21.
Qxe2 Nxd4 22. Qd3 Ng4+ 23. Kg3 Nc6 24. Qd7 Ngxe5 25. Qxb7 Rb8 26. Qa6 Rb3+ 27.
Rc3 Rxc3+ 28. Bxc3 h6 29. Bxe5 Nxe5 30. Qxa7 Re8 1/2-1/2

[Event "Sampa Chess Open 2024"]
[Site "Sao Paulo"]
[Date "2024.01.29"]
[Round "1.16"]
[White "Martins De Aguiar, Marina"]
[Black "Cunha, Lucas Aguiar"]
[Result "0-1"]
[WhiteElo "1862"]
[BlackElo "2230"]
[PlyCount "96"]
[EventDate "2024.01.29"]
[EventRounds "9"]
[EventCountry "BRA"]

1. e4 c5 2. Nf3 Nc6 3. d4 cxd4 4. Nxd4 e6 5. Nc3 Qc7 6. Be2 a6 7. O-O Nf6 8.
Kh1 Bb4 9. f3 O-O 10. Nxc6 ({RR} 10. g4 d6 11. g5 Nd7 12. f4 b5 13. f5 Nxd4 14.
Qxd4 Bc5 15. Qd3 Ne5 16. Qg3 b4 17. Na4 exf5 18. Nxc5 Qxc5 19. Be3 Qxc2 20. Bh5
Qxe4+ 21. Kg1 Bb7 22. Rad1 Nd3 23. Qf3 g6 24. Qxe4 Bxe4 {Basil,S (1596)-Ahmed,
W (1904) Tornelo INT 2021 0-1 (37)}) 10... bxc6 ({RR} 10... dxc6 11. Qe1 e5 12.
Be3 Be6 13. a3 Be7 14. Qf2 b5 15. Nb1 Nd7 16. c4 h6 17. cxb5 cxb5 18. Nc3 Bc5
19. Nd5 Bxd5 20. exd5 Qd6 21. Rfd1 Rac8 22. a4 b4 23. Rac1 Rc7 24. Rc4 Rfc8 25.
Bxc5 {Varga,D (2330)-Cvek,R (2473) Brezova pod Bradlom 2010 0-1 (55)}) 11. Bd2
$146 ({RR} 11. Bg5 d5 12. Bd3 Qa5 13. e5 Nd7 14. f4 f6 15. exf6 Nxf6 16. Ne2
Ng4 17. Nd4 e5 18. Nxc6 Qb6 19. Nxb4 Qxb4 20. f5 Nf6 21. b3 Ne4 22. Be7 {
1/2-1/2 (22) Stojanovic,M (2189)-Misovic,S (1914) Cetinje 2008}) ({RR} 11. Bg5
d5 12. Bxf6 gxf6 13. Qd4 Be7 14. exd5 cxd5 15. Bd3 Qe5 16. Qh4 h5 17. f4 Qd6
18. Qxh5 {1-0 (18) Valledor Martinez,L-Diaz Iglesias,J Gijon 1994}) ({RR} 11.
Qd4 c5 12. Qd3 h6 13. a3 Ba5 14. Be3 Rd8 15. Na4 d5 16. Bxc5 dxe4 17. Qe3 Qe5
18. Be7 Re8 19. Bxf6 Qxf6 20. Qxe4 Bd7 21. Nc5 Rad8 22. Nxd7 Rxd7 23. Qa4 Qd8
24. Bxa6 Rd2 25. Bd3 Bb6 {Krishnakumar,S (1280)-Pingin,A (1636) Batumi 2016
1-0 (67)}) 11... Rb8 12. Rb1 d5 13. Bd3 d4 14. Ne2 Bxd2 15. Qxd2 c5 16. b3 e5
17. Qg5 h6 18. Qh4 Be6 19. f4 c4 20. bxc4 Rxb1 21. Rxb1 Bxc4 22. fxe5 Bxd3 23.
cxd3 Qxe5 24. h3 Rc8 25. Qe1 Rc2 26. a4 Nh5 27. Kg1 g6 28. Qf2 Ra2 29. Qxd4
Qxd4+ 30. Nxd4 Nf4 31. a5 Rxg2+ 32. Kf1 Ra2 33. Nc6 Nxd3 34. Rb6 Nc5 35. e5 Rh2
36. Nb8 Rxh3 37. Nxa6 Nxa6 38. Rxa6 Re3 39. Ra8+ Kg7 40. Re8 Ra3 41. Ra8 g5 42.
Ra6 Ra2 43. Ra7 Kg6 44. a6 h5 45. Ra8 Kf5 46. a7 Kg4 47. Ke1 h4 48. Kf1 h3 0-1

[Event "Sampa Chess Open 2024"]
[Site "Sao Paulo"]
[Date "2024.01.29"]
[Round "1.17"]
[White "Aranha Filho, Alvaro Z."]
[Black "Santos, Abel Cardoso Dos"]
[Result "1-0"]
[WhiteElo "2201"]
[BlackElo "1854"]
[PlyCount "59"]
[EventDate "2024.01.29"]
[EventRounds "9"]
[EventCountry "BRA"]

1. d4 Nf6 2. c4 g6 3. Nc3 Bg7 4. e4 d6 5. f3 Nbd7 6. Bg5 c6 7. Qd2 h6 8. Be3 e5
({RR} 8... a6 9. a4 Qa5 10. Rb1 c5 11. dxc5 dxc5 12. Nge2 Ne5 13. Nf4 e6 14.
Be2 Bd7 15. O-O Rd8 16. Qd6 Nc6 17. Qxc5 Qc7 18. Nd3 Bf8 19. Qb6 Qxb6 20. Bxb6
Rc8 21. e5 Nh7 22. f4 Nb8 23. b3 {Klimpel,S (1867)-Wittkugel,F (1977)
Bodenmais 2016 1/2-1/2 (52)}) 9. d5 c5 10. Bd3 $146 ({RR} 10. Nb5 Nb8 11. a3 a6
12. Nc3 Qa5 13. Bd3 Bd7 14. a4 g5 15. g4 h5 16. Bxg5 hxg4 17. fxg4 Nxg4 18. Qe2
Bf6 19. Nf3 Qd8 20. Bxf6 Qxf6 21. O-O-O Rh3 22. Rdf1 Qh6+ 23. Qd2 Ne3 24. Rf2
b5 {Godinho,M (1934)-Preto,D (2020) Sintra 2013 0-1 (48)}) 10... Qa5 11. Nge2
Nb6 12. O-O Na4 13. Nxa4 Qxa4 14. Nc3 Qa5 15. a3 Qd8 16. b4 b6 17. Bc2 Bd7 18.
Rfe1 Kf8 19. bxc5 dxc5 20. a4 Ne8 21. a5 Nd6 22. axb6 axb6 23. Bd3 Rxa1 24.
Rxa1 Kg8 25. Ra6 Kh7 26. Qb2 Nc8 27. Nb5 Bc6 28. Ra3 Bd7 29. Na7 Nd6 30. Ra6
1-0

[Event "Sampa Chess Open 2024"]
[Site "Sao Paulo"]
[Date "2024.01.29"]
[Round "1.18"]
[White "Deus Filho, Joaquim De"]
[Black "Tsuboi, Edson Kenji"]
[Result "0-1"]
[WhiteElo "1848"]
[BlackElo "2200"]
[PlyCount "84"]
[EventDate "2024.01.29"]
[EventRounds "9"]
[EventCountry "BRA"]

1. e4 c5 2. Nc3 Nc6 3. g3 g6 4. Bg2 Bg7 5. d3 d6 6. Be3 Nf6 7. h3 Rb8 8. Qd2 b5
9. Bh6 Bxh6 10. Qxh6 Nd4 11. Qd2 b4 12. Nd1 e5 13. c3 bxc3 14. bxc3 Nc6 $146 ({
RR} 14... Ne6 15. Ne2 O-O 16. O-O d5 17. exd5 Nxd5 18. Nb2 Ng5 19. h4 Ne6 20.
Nc4 f6 21. Rab1 Bb7 22. Rb2 Nb6 23. Ne3 Bxg2 24. Kxg2 Rf7 25. Qc2 Kg7 26. Rd1
Rd7 27. a4 Nd5 28. Nxd5 Rxd5 29. Rxb8 {Theissl Pokorna,R (2296)-Rogule,L (2286)
chess.com INT 2021 0-1 (41)}) 15. c4 Nd4 16. Nf3 Be6 17. Nxd4 cxd4 18. O-O Nh5
19. Kh2 g5 20. Qc2 O-O 21. Bf3 Nf6 22. g4 Nd7 23. Be2 Nc5 24. f3 Qa5 25. Nf2
Rb6 26. Rfb1 Rfb8 27. Bf1 Bd7 28. Rxb6 Rxb6 29. Qc1 f6 30. Kg3 Ba4 31. h4 h6
32. hxg5 hxg5 33. Be2 Kg7 34. Qh1 Rb8 35. Rb1 Rh8 36. Qc1 Qc3 37. Qb2 Kg6 38.
Kg2 Ne6 39. Kg3 Bc2 40. Qxc3 dxc3 41. Rc1 Nd4 42. Bd1 Bxd1 0-1